Statistics for L-el kezdődő országok

Click here to take the quiz!

General Stats

  • This quiz has been taken 16 times
  • The average score is 6 of 10

Answer Stats

Ország% Correct
Litvánia
90%
Lengyelország
80%
Lettország
80%
Laosz
70%
Lesotho
60%
Libanon
60%
Libia
60%
Luxemburg
60%
Libéria
40%
Liechtenstein
30%

Score Distribution

Percentile by Number Answered

Percent of People with Each Score

Your Score History

You have not taken this quiz